Secretary of state for Indian and his council (Record no. 427652)

000 -LEADER
fixed length control field 00478cam a22001457a 4500
008 - FIXED-LENGTH DATA ELEMENTS--GENERAL INFORMATION
fixed length control field 180718b1962 xxu||||| |||| 00| 0 eng d
082 ## - DEWEY DECIMAL CLASSIFICATION NUMBER
Classification number I27x54 Si64
100 ## - MAIN ENTRY--PERSONAL NAME
Personal name Singh, S. N.
245 ## - TITLE STATEMENT
Title Secretary of state for Indian and his council
Statement of responsibility, etc. by S. N. Singh
260 ## - PUBLICATION, DISTRIBUTION, ETC.
Place of publication, distribution, etc. Delhi
Name of publisher, distributor, etc. Munshi Ram
Date of publication, distribution, etc. 1962
300 ## - PHYSICAL DESCRIPTION
Extent 185p
650 ## - SUBJECT ADDED ENTRY--TOPICAL TERM
Topical term or geographic name entry element Indians of North America --Missions --United States
650 ## - SUBJECT ADDED ENTRY--TOPICAL TERM
Topical term or geographic name entry element Indians of North America --Government relations
650 ## - SUBJECT ADDED ENTRY--TOPICAL TERM
Topical term or geographic name entry element Indians of North America
Holdings
Withdrawn status Lost status Damaged status Not for loan Permanent Location Current Location Date acquired Full call number Barcode Date last seen Price effective from Koha item type
        Indian Institute of Public Administration Indian Institute of Public Administration 2009-11-20 I27x54 Si64 32056 2018-07-21 2018-07-21 Book

Powered by Koha